Der Grad einer analytischen Funktion über ihren partiellen Ableitungen Dissertation

Na minha lista:
Detalhes bibliográficos
Autor principal: Kunn, Peter
Formato: Livro
Idioma:alemão
Publicado em: Bochum Ruhr-Universität 1980
Tags: Adicionar Tag
Sem tags, seja o primeiro a adicionar uma tag!

MARC

LEADER 00000nam a2200000 4500
001 c130590
005 20041019155249.8
041 0 |a ger 
044 |a DE 
245 1 0 |a Der Grad einer analytischen Funktion über ihren partiellen Ableitungen  |b Dissertation  |c Peter Kunn 
264 1 |a Bochum  |b Ruhr-Universität  |c 1980 
300 |a 70 s. 
100 1 |a Kunn, Peter